[Event "World Senior Teams +65"]
[Site "Radebeul GER"]
[Date "2016.06.30"]
[Round "5.13"]
[Board "2"]
[White "Ulrichsen, Jarl H"]
[Black "Dickhoff, Ronald"]
[Result "1-0"]
[WhiteTitle "FM"]
[WhiteElo "2187"]
[BlackElo "2106"]
[WhiteTeam "Norway 1"]
[BlackTeam "Koninklijke DD"]
[WhiteFideId "1500350"]
[BlackFideId "1006142"]
[EventDate "2016.06.26"]

1. b3 Nf6 2. Bb2 c5 3. e3 Nc6 4. f4 d6 5. Nf3 g6 6. Bxf6 exf6 7. c4 f5 8. Nc3
Bg7 9. Rc1 O-O 10. Be2 Be6 11. O-O Rc8 12. h4 h6 13. Kh1 a6 14. Qe1 Kh7 15. h5
Ne7 16. Qh4 Bxc3 17. hxg6+ Kg7 18. Rxc3 fxg6 19. Rfc1 Ng8 20. Qxd8 Rfxd8 21. d4
Nf6 22. Nd2 Bd7 23. Kg1 Re8 24. Bf3 Bc6 25. d5 Bd7 26. a3 a5 27. Kf2 g5 28. g3
Ra8 29. Rb1 Kf7 30. Rb2 b5 31. cxb5 Bxb5 32. b4 cxb4 33. axb4 g4 34. bxa5 Rxa5
35. Bg2 Re7 36. Rcb3 Ba6 37. Rb6 Ra3 38. Nb3 Bc4 39. Nd4 Raxe3 40. Nxf5 Re2+ 41.
Rxe2 Rxe2+ 42. Kg1 Re1+ 43. Kh2 Bd3 44. Nxd6+ Ke7 45. Nc8+ Kf7 46. Rb3 Rd1 47.
Rb7+ Kf8 48. Nd6 Kg8 49. Nf7 h5 50. d6 Bc4 51. Nh6+ Kf8 52. Rb8+ Kg7 53. Nf5+
Kf7 54. Ne3 Rd4 55. Rb4 h4 56. Rxc4 Rd3 57. Nf1 h3 58. Bb7 Rxd6 59. Rc2 Rb6 60.
Bc8 Rb3 61. Re2 Rc3 62. Bf5 Ra3 63. Ne3 1-0

[Event "World Senior Teams +65"]
[Site "Radebeul GER"]
[Date "2016.06.30"]
[Round "5.13"]
[Board "3"]
[White "Olof, Erik"]
[Black "Gundersen, Helge"]
[Result "1/2-1/2"]
[WhiteElo "1975"]
[BlackElo "2144"]
[WhiteTeam "Koninklijke DD"]
[BlackTeam "Norway 1"]
[WhiteFideId "1035762"]
[BlackFideId "1500465"]
[EventDate "2016.06.26"]

1. Nf3 e6 2. g3 f5 3. Bg2 Nf6 4. O-O Be7 5. c4 O-O 6. d4 d5 7. Nc3 c6 8. b3 Ne4
9. Bb2 Nd7 10. e3 Qe8 11. Nd2 Nxc3 12. Bxc3 Bf6 13. Qe2 dxc4 14. Nxc4 Nb6 15.
Bb4 Be7 16. Bxe7 Qxe7 17. Ne5 Bd7 18. Rac1 a5 19. Rc5 Nd5 20. Bxd5 exd5 21. Nxd7
Qxd7 22. Rfc1 1/2-1/2

[Event "World Senior Teams +65"]
[Site "Radebeul GER"]
[Date "2016.06.30"]
[Round "5.13"]
[Board "4"]
[White "Sollid, Stein"]
[Black "Munninghoff, Alexander"]
[Result "1-0"]
[WhiteElo "2014"]
[BlackElo "1932"]
[WhiteTeam "Norway 1"]
[BlackTeam "Koninklijke DD"]
[WhiteFideId "1503057"]
[BlackFideId "1012460"]
[EventDate "2016.06.26"]

1. e4 c5 2. Nf3 g6 3. d4 cxd4 4. Nxd4 Nf6 5. Nc3 Nc6 6. Nxc6 bxc6 7. e5 Nd5 8.
Nxd5 cxd5 9. Qxd5 Rb8 10. e6 f6 11. exd7+ Bxd7 12. Bc4 e6 13. Qe4 Qb6 14. O-O
Bc5 15. Bf4 Rb7 16. Bd5 1-0

[Event "World Senior Teams +65"]
[Site "Radebeul GER"]
[Date "2016.06.30"]
[Round "5.14"]
[Board "1"]
[White "Haubt, Georg"]
[Black "Smeets, Pierre"]
[Result "1-0"]
[WhiteTitle "FM"]
[WhiteElo "2132"]
[BlackElo "2119"]
[WhiteTeam "Hessen 1"]
[BlackTeam "Oranje 3"]
[WhiteFideId "4604016"]
[BlackFideId "1043820"]
[EventDate "2016.06.26"]

1. d4 d5 2. Nc3 g6 3. Bf4 Bg7 4. e3 Nf6 5. Nb5 Na6 6. c4 c6 7. Nc3 Nc7 8. Qb3
O-O 9. Nf3 dxc4 10. Bxc4 b5 11. Be2 Be6 12. Qc2 Rc8 13. O-O Ncd5 14. Be5 Qb6 15.
Rfc1 Rfd8 16. Ng5 Nb4 17. Qd2 Bc4 18. Na4 bxa4 19. Bxc4 e6 20. Qe2 h6 21. Nf3
Ne4 22. a3 Nd5 23. Ba6 Ra8 24. Bxg7 Kxg7 25. Ne5 Ne7 26. Bd3 Nd6 27. Rc2 f6 28.
Nf3 Rab8 29. Rac1 Rd7 30. e4 Nb5 31. Bxb5 Qxb5 32. Qe3 g5 33. h3 Qb3 34. Ne1
Qxe3 35. fxe3 Rb3 36. Re2 Rdb7 37. Rc4 Rxb2 38. Rxb2 Rxb2 39. Rxa4 Nc8 40. Kf1
Rb7 41. Nd3 Kf7 42. g4 Ke7 43. Ke2 Nd6 44. Nc5 Rb2+ 45. Kd3 Nb5 46. Ra6 Kd6 47.
a4 Nc7 48. Rxa7 e5 49. Rb7 Rh2 50. Rb8 exd4 51. Nb7+ Ke7 52. Rh8 Ne6 53. Rh7+
Ke8 54. exd4 Ra2 55. Nd6+ Kd8 56. Ra7 Nf4+ 57. Kc4 Rc2+ 58. Kb3 Rd2 59. Kc3 Rd1
60. Nf5 1-0

[Event "World Senior Teams +65"]
[Site "Radebeul GER"]
[Date "2016.06.30"]
[Round "5.14"]
[Board "2"]
[White "Mostertman, Loek"]
[Black "Zunker, Reinhard"]
[Result "0-1"]
[BlackTitle "FM"]
[WhiteElo "1958"]
[BlackElo "2134"]
[WhiteTeam "Oranje 3"]
[BlackTeam "Hessen 1"]
[WhiteFideId "1010425"]
[BlackFideId "4617711"]
[EventDate "2016.06.26"]

1. e4 c5 2. d4 cxd4 3. Nf3 Nc6 4. c3 Nf6 5. e5 Nd5 6. Bc4 Nb6 7. Bb3 d5 8. cxd4
Bg4 9. Be3 Na5 10. Bc2 Nac4 11. Bc1 Rc8 12. b3 Na5 13. Bd3 Nc6 14. Be2 Bxf3 15.
Bxf3 Nxd4 16. Na3 Nxf3+ 17. gxf3 e6 18. O-O a6 19. f4 Be7 20. Nc2 O-O 21. Nd4
Bb4 22. Be3 Nd7 23. Kh1 Qe7 24. Rg1 f5 25. Rg3 Bc3 26. Rc1 Bb2 27. Rb1 Bxd4 28.
Qxd4 Rf7 29. h4 Nb8 30. h5 Nc6 31. Qb6 Qb4 32. Rc1 Qxb6 33. Bxb6 Rd7 34. h6 g6
35. Rd3 Re8 36. Kg2 Kf7 37. Kf3 g5 38. Rg1 Rg8 39. Rdd1 Rg6 40. fxg5 Nxe5+ 41.
Kf4 Nc6 42. Rd2 Rg8 43. Rgd1 Ne7 44. Bc5 Ng6+ 45. Kg3 Rc8 46. Bb4 Rdc7 47. Re2
Rc1 48. Ree1 Rxd1 49. Rxd1 Ke8 50. Kf3 Kd7 51. Ke3 Rc2 52. Rd2 Rxd2 53. Kxd2 e5
54. Ke3 f4+ 55. Kf3 Ke6 56. Kg4 d4 57. f3 d3 58. Bd2 Ne7 59. Be1 Kf7 60. Bc3 Kg6 0-1

[Event "World Senior Teams +65"]
[Site "Radebeul GER"]
[Date "2016.06.30"]
[Round "5.14"]
[Board "3"]
[White "Biller, Helmut"]
[Black "Mentink, Toon"]
[Result "1-0"]
[WhiteElo "2082"]
[BlackElo "1853"]
[WhiteTeam "Hessen 1"]
[BlackTeam "Oranje 3"]
[WhiteFideId "4676068"]
[BlackFideId "1017322"]
[EventDate "2016.06.26"]

1. c4 Nf6 2. Nc3 g6 3. e4 d6 4. d4 Bg7 5. Nf3 O-O 6. Be2 Na6 7. O-O c5 8. d5 Nc7
9. h3 a6 10. a4 Bd7 11. Bf4 h6 12. e5 dxe5 13. Bxe5 Nce8 14. a5 Nd6 15. Bd3 Qc8
16. Na4 Bxa4 17. Qxa4 Rd8 18. b4 cxb4 19. Qxb4 Nd7 20. Bxg7 Kxg7 21. Rfe1 Re8
22. Re3 Nc5 23. Bc2 Qc7 24. Rc1 Rac8 25. Ba4 Nxa4 26. Qxa4 Qc5 27. Ne5 b5 28.
axb6 Qxb6 29. Nc6 Qb2 30. Rce1 Nf5 31. R3e2 Qf6 32. c5 Qg5 33. Re4 h5 34. d6 Ng3
35. Re5 exd6 36. f4 Rxe5 37. fxg5 Rxe1+ 38. Kf2 Rce8 39. Qd4+ Kh7 40. Kxg3 dxc5
41. Qxc5 h4+ 42. Kh2 R8e4 43. Qf8 Rf1 44. Ne7 Rxe7 45. Qxe7 Rf5 46. Qb4 Rxg5 47.
Qxh4+ Rh5 48. Qc4 a5 49. Qxf7+ Kh6 50. g4 Rb5 51. Kg3 a4 52. Qf4+ g5 53. Qxa4
Re5 54. Qc6+ Kg7 55. Qc3 Kf6 56. h4 gxh4+ 57. Kf4 1-0

[Event "World Senior Teams +65"]
[Site "Radebeul GER"]
[Date "2016.06.30"]
[Round "5.14"]
[Board "4"]
[White "Montsma, Foppe-Jan"]
[Black "Mueller, Horst2"]
[Result "0-1"]
[WhiteElo "1825"]
[BlackElo "2165"]
[WhiteTeam "Oranje 3"]
[BlackTeam "Hessen 1"]
[WhiteFideId "1011472"]
[BlackFideId "4679660"]
[EventDate "2016.06.26"]

1. d4 Nf6 2. Nf3 e6 3. Bf4 Be7 4. e3 d6 5. Nbd2 Nbd7 6. h3 O-O 7. Bd3 c5 8. c3
a6 9. a4 Re8 10. a5 Nd5 11. Bg3 cxd4 12. Nxd4 Ne5 13. Bc2 g6 14. O-O Bd7 15. Qe2
Rc8 16. Bb3 Nf6 17. Rfd1 Qc7 18. N4f3 Bb5 19. c4 Nxf3+ 20. Nxf3 Bd7 21. e4 Nh5
22. Bh2 e5 23. Ba4 Bc6 24. Bxc6 Qxc6 25. Nd2 Ng7 26. Rdc1 Bg5 27. Rc3 Bxd2 28.
Qxd2 Ne6 29. Qd5 Nd4 30. Kf1 Kg7 31. Rd1 f6 32. f3 Qxd5 33. exd5 Nf5 34. b4 Rxc4
35. Rdc1 Rec8 36. Rxc4 Rxc4 37. Rxc4 Ne3+ 38. Ke2 Nxc4 39. Kd3 Na3 40. f4 Nb5
41. fxe5 fxe5 42. Ke3 Nc3 0-1

[Event "World Senior Teams +65"]
[Site "Radebeul GER"]
[Date "2016.06.30"]
[Round "5.15"]
[Board "1"]
[White "Danner, Lambert"]
[Black "Birk, Rainer"]
[Result "0-1"]
[WhiteElo "2086"]
[BlackElo "2136"]
[WhiteTeam "Wien 2"]
[BlackTeam "Oberlausitz"]
[WhiteFideId "1305840"]
[BlackFideId "4684699"]
[EventDate "2016.06.26"]

1. g3 d5 2. Bg2 e5 3. c4 d4 4. d3 c5 5. Nf3 Nc6 6. O-O Bd6 7. Na3 Nge7 8. Nc2
O-O 9. a3 a5 10. Rb1 a4 11. b4 axb3 12. Rxb3 h6 13. e4 dxe3 14. fxe3 Qc7 15. Bd2
e4 16. dxe4 Ne5 17. Nxe5 Bxe5 18. Qe2 Be6 19. Rfb1 Rfb8 20. Bf1 Ra4 21. Qe1 Bxc4
22. Bxc4 Rxc4 23. Ba5 Qc6 24. Qe2 Qxe4 25. Ne1 Ra4 26. Bb6 c4 27. Rb4 Rxb4 28.
Rxb4 Rc8 29. Qc2 Qc6 30. e4 Bd6 31. Rb1 Bxa3 32. Kf1 f5 33. Bd4 fxe4 34. Rb6 Qd5
35. Qc3 Bc5 36. Bxc5 Rxc5 37. Qb4 Nc6 38. Qb1 c3 39. Rxb7 c2 40. Qb2 Nd4 0-1

[Event "World Senior Teams +65"]
[Site "Radebeul GER"]
[Date "2016.06.30"]
[Round "5.15"]
[Board "2"]
[White "Brauer, Christian"]
[Black "Nickl, Klaus"]
[Result "1/2-1/2"]
[WhiteElo "2102"]
[BlackElo "2028"]
[WhiteTeam "Oberlausitz"]
[BlackTeam "Wien 2"]
[WhiteFideId "4610938"]
[BlackFideId "1601024"]
[EventDate "2016.06.26"]

1. Nf3 Nf6 2. c4 g6 3. b4 Bg7 4. Bb2 O-O 5. e3 c6 6. Be2 d5 7. a4 Nbd7 8. O-O
dxc4 9. Na3 Nb6 10. Nxc4 Nxc4 11. Bxc4 Bg4 12. d3 Nd5 13. Bxg7 Kxg7 14. Qb3 Bxf3
15. gxf3 e6 16. Rfc1 Qg5+ 17. Kh1 Rfd8 18. d4 Qh4 19. Kg2 Qg5+ 20. Kh1 Qh4 21.
Kg2 1/2-1/2

[Event "World Senior Teams +65"]
[Site "Radebeul GER"]
[Date "2016.06.30"]
[Round "5.15"]
[Board "3"]
[White "Karlstoetter, Kurt"]
[Black "Selig, Rainer"]
[Result "1-0"]
[WhiteElo "1848"]
[BlackElo "2139"]
[WhiteTeam "Wien 2"]
[BlackTeam "Oberlausitz"]
[WhiteFideId "1642863"]
[BlackFideId "24646105"]
[EventDate "2016.06.26"]

1. e4 c5 2. Nf3 d6 3. d4 cxd4 4. Nxd4 Nf6 5. Nc3 a6 6. Bc4 e6 7. Be3 b5 8. Bb3
b4 9. Na4 Nxe4 10. O-O Nd7 11. f4 Ndc5 12. f5 Nxb3 13. fxe6 Nxd4 14. exf7+ Kd7
15. Qxd4 Bb7 16. Qxb4 Bc6 17. Nb6+ Ke7 18. Rae1 Nf6 19. Qc4 Be4 20. Qxe4+ Nxe4
21. Bg5+ Ke6 22. Rxe4# 1-0

[Event "World Senior Teams +65"]
[Site "Radebeul GER"]
[Date "2016.06.30"]
[Round "5.15"]
[Board "4"]
[White "Byhan, Gert"]
[Black "Prochaska, Juergen"]
[Result "1-0"]
[WhiteElo "1953"]
[BlackElo "1887"]
[WhiteTeam "Oberlausitz"]
[BlackTeam "Wien 2"]
[WhiteFideId "4648200"]
[BlackFideId "1601806"]
[EventDate "2016.06.26"]

1. e4 c5 2. b3 Nc6 3. Bb2 d6 4. Bb5 e6 5. Bxc6+ bxc6 6. Ne2 Nf6 7. d3 Be7 8. O-O
O-O 9. Nd2 Qc7 10. Ng3 e5 11. Qe2 Bg4 12. f3 Bh5 13. Qe3 Bg6 14. f4 exf4 15.
Qxf4 Nd7 16. Nc4 Rad8 17. Rae1 f6 18. Nf5 Ne5 19. Bc3 Rd7 20. Nxe5 dxe5 21. Qe3
Qb6 22. Kh1 Rfd8 23. Qd2 Rb8 24. a4 Bf8 25. Qf2 Qa6 26. Qf3 Rbd8 27. h4 Qb7 28.
Qg4 Kh8 29. Ng3 Qc7 30. h5 Bf7 31. Qf5 Rd6 32. Bxe5 fxe5 33. Qxf7 Qxf7 34. Rxf7
Rf6 35. Rf1 Rxf1+ 36. Nxf1 Bd6 37. Ne3 Bb8 38. Ng4 Kg8 39. Re7 Kf8 40. Re6 Rd6
41. Rxe5 Rf6 1-0

[Event "World Senior Teams +65"]
[Site "Radebeul GER"]
[Date "2016.06.30"]
[Round "5.16"]
[Board "1"]
[White "Andersson, Sven-Olof"]
[Black "Eskandary, Jahya"]
[Result "0-1"]
[WhiteElo "1983"]
[BlackElo "2065"]
[WhiteTeam "Sweden 2"]
[BlackTeam "Dresdner Springer"]
[WhiteFideId "1706926"]
[BlackFideId "4665708"]
[EventDate "2016.06.26"]

1. d4 d6 2. Nf3 Nd7 3. Bf4 c6 4. c3 Qc7 5. Nbd2 Ngf6 6. e4 e5 7. Bg3 Nh5 8. Bc4
Nxg3 9. hxg3 Be7 10. Qb3 O-O 11. a4 b6 12. Ke2 Bb7 13. Nh4 d5 14. Bd3 g6 15. Rh3
Bf6 16. f4 exd4 17. cxd4 Bxd4 18. Nhf3 Bg7 19. Rah1 Nc5 20. Qa3 Nxd3 21. Rxh7
Ba6 22. Ng5 Nxf4+ 23. Kf3 Ne6 24. Rxg7+ Nxg7 25. Qc3 d4 26. Qxd4 Rad8 27. Qc3
Rd3+ 0-1

[Event "World Senior Teams +65"]
[Site "Radebeul GER"]
[Date "2016.06.30"]
[Round "5.16"]
[Board "2"]
[White "Schwier, Manfred"]
[Black "Degerfeldt, Sven"]
[Result "1-0"]
[WhiteElo "2031"]
[BlackElo "1962"]
[WhiteTeam "Dresdner Springer"]
[BlackTeam "Sweden 2"]
[WhiteFideId "4671988"]
[BlackFideId "1717430"]
[EventDate "2016.06.26"]

1. e4 c5 2. Nf3 d6 3. Be2 Nc6 4. c3 Nf6 5. d3 g6 6. Na3 Bg7 7. O-O O-O 8. h3 e5
9. Be3 h6 10. Qc1 Kh7 11. Nh2 Ng8 12. f4 exf4 13. Rxf4 g5 14. Rf1 f5 15. exf5
Bxf5 16. Qd2 Qe7 17. Rae1 Bg6 18. Bf3 Ne5 19. d4 Nxf3+ 20. Nxf3 Rxf3 21. gxf3
Qd7 22. dxc5 Qxh3 23. Qg2 Qxg2+ 24. Kxg2 dxc5 25. Bxc5 b6 26. Bd6 Rd8 27. Rd1
Rd7 28. Nc4 Rf7 29. Ne5 Bxe5 30. Bxe5 Bh5 31. Rd4 Kg6 32. Bg3 Nf6 33. Rd6 Kh7
34. Rd4 Bg6 35. Re1 h5 36. f4 g4 37. Bh4 Nd7 38. Re7 Nc5 39. f5 1-0

[Event "World Senior Teams +65"]
[Site "Radebeul GER"]
[Date "2016.06.30"]
[Round "5.16"]
[Board "3"]
[White "Svensson, Soren"]
[Black "Bec, Dietmar"]
[Result "1-0"]
[WhiteElo "1952"]
[BlackElo "2056"]
[WhiteTeam "Sweden 2"]
[BlackTeam "Dresdner Springer"]
[WhiteFideId "1714937"]
[BlackFideId "4629590"]
[EventDate "2016.06.26"]

1. d4 d5 2. c4 c6 3. Nc3 Nf6 4. Nf3 e6 5. e3 Be7 6. Bd3 dxc4 7. Bxc4 b5 8. Bd3
Nbd7 9. O-O Bb7 10. Qe2 a6 11. e4 b4 12. Na4 Qa5 13. b3 c5 14. d5 exd5 15. exd5
Nxd5 16. Bc4 Kf8 17. Bg5 Bxg5 18. Nxg5 N7f6 19. Qe5 Rd8 20. Rfe1 h6 21. Ne4 Nxe4
22. Qxe4 Qc7 23. Rad1 Qd7 24. Nxc5 1-0

[Event "World Senior Teams +65"]
[Site "Radebeul GER"]
[Date "2016.06.30"]
[Round "5.16"]
[Board "4"]
[White "Zoephel, Heinz"]
[Black "Ekelund, Kurt"]
[Result "1/2-1/2"]
[WhiteElo "1990"]
[BlackElo "1952"]
[WhiteTeam "Dresdner Springer"]
[BlackTeam "Sweden 2"]
[WhiteFideId "24647241"]
[BlackFideId "1706667"]
[EventDate "2016.06.26"]

1. e4 c5 2. Nf3 Nc6 3. d4 cxd4 4. Nxd4 Nf6 5. Nc3 e5 6. Ndb5 d6 7. a4 a6 8. Na3
Be6 9. Bc4 Be7 10. O-O O-O 11. Kh1 Bxc4 12. Nxc4 Nxe4 13. Nxe4 d5 14. Nxe5 Nxe5
15. Ng3 Rc8 16. c3 Nc6 17. Nf5 Bf6 18. Be3 Qd7 19. Nd4 1/2-1/2

[Event "World Senior Teams +65"]
[Site "Radebeul GER"]
[Date "2016.06.30"]
[Round "5.17"]
[Board "1"]
[White "Roos, Hans-Goerg"]
[Black "Schroeter, Helmut"]
[Result "1/2-1/2"]
[WhiteElo "1948"]
[BlackElo "2073"]
[WhiteTeam "Saxone"]
[BlackTeam "TuR Dresden"]
[WhiteFideId "4689496"]
[BlackFideId "24631779"]
[EventDate "2016.06.26"]

1. Nf3 Nf6 2. g3 d6 3. Bg2 e5 4. d3 Be7 5. O-O O-O 6. c4 c6 7. Nc3 Nbd7 8. Qc2
Re8 9. h3 Nf8 10. Be3 Ne6 11. Rfd1 Qc7 12. Rac1 Bd7 13. d4 Rad8 14. d5 Nf8 15.
Qb3 c5 16. Qc2 Ng6 17. Nb5 Qb8 18. Kh2 a6 19. Nc3 b5 20. Nd2 Nh5 21. Bf3 Nf6 22.
Bg2 h6 23. b3 Qc8 24. cxb5 axb5 25. Qd3 1/2-1/2

[Event "World Senior Teams +65"]
[Site "Radebeul GER"]
[Date "2016.06.30"]
[Round "5.17"]
[Board "2"]
[White "Appelt, Gerd"]
[Black "Goerden, Hans-Juergen"]
[Result "1-0"]
[WhiteElo "2011"]
[BlackElo "1821"]
[WhiteTeam "TuR Dresden"]
[BlackTeam "Saxone"]
[WhiteFideId "4691342"]
[BlackFideId "12911216"]
[EventDate "2016.06.26"]

1. e4 c5 2. Nc3 Nc6 3. g3 d6 4. Bg2 Nf6 5. h3 e5 6. d3 Be7 7. Be3 Be6 8. Nge2
Nd4 9. Qd2 Qa5 10. f4 Nxe2 11. Kxe2 O-O-O 12. f5 Bd7 13. a3 Bc6 14. b4 Qa6 15.
Rhb1 Ba4 16. b5 Qa5 17. Nd5 Qxd2+ 18. Kxd2 Nxd5 19. exd5 a6 20. c4 a5 21. Rg1
Bf6 22. Rab1 Kd7 23. g4 g5 24. fxg6 hxg6 25. Rgf1 Ke7 26. g5 Bg7 27. Rh1 f5 28.
gxf6+ Bxf6 29. Bf3 g5 30. Bg4 b6 31. Rhg1 Rdf8 32. Be6 Rh4 33. Rg3 Rfh8 34. Rbg1 1-0

[Event "World Senior Teams +65"]
[Site "Radebeul GER"]
[Date "2016.06.30"]
[Round "5.17"]
[Board "3"]
[White "Stavenhagen, Johannes"]
[Black "Seibt, Manfred"]
[Result "1/2-1/2"]
[WhiteElo "1914"]
[BlackElo "1987"]
[WhiteTeam "Saxone"]
[BlackTeam "TuR Dresden"]
[WhiteFideId "24615706"]
[BlackFideId "24639869"]
[EventDate "2016.06.26"]

1. d4 Nf6 2. Nf3 d6 3. Bg5 Nbd7 4. Nbd2 d5 5. e3 e6 6. c4 c6 7. Bd3 Be7 8. O-O
O-O 9. Rc1 Re8 10. Re1 h6 11. Bh4 Nh5 12. Bxe7 Qxe7 13. cxd5 exd5 14. a3 Nhf6
15. e4 Nxe4 16. Rxe4 Qf8 17. Rxe8 Qxe8 18. Qb3 Nb6 19. Re1 Be6 20. Qc2 Qd7 1/2-1/2

[Event "World Senior Teams +65"]
[Site "Radebeul GER"]
[Date "2016.06.30"]
[Round "5.18"]
[Board "1"]
[White "Hajenius, Willem"]
[Black "Burda, Walter"]
[Result "1/2-1/2"]
[WhiteElo "2008"]
[BlackElo "2062"]
[WhiteTeam "Belgium 2"]
[BlackTeam "SV Dresden-Striesen 1990 e.V."]
[WhiteFideId "201138"]
[BlackFideId "16203321"]
[EventDate "2016.06.26"]

1. d4 Nf6 2. c4 e6 3. Nc3 Bb4 4. Bg5 b6 5. f3 O-O 6. e3 Ba6 7. Qb3 c5 8. Bd3 h6
9. Bh4 Nc6 10. a3 Bxc3+ 11. Qxc3 cxd4 12. exd4 d5 13. cxd5 Nxd5 14. Bxd8 Nxc3
15. Bxa6 Nxd4 16. Be7 Rfe8 17. Rc1 Nd5 18. Bh4 Nb3 19. Rd1 Nc5 20. Bb5 Rec8 21.
b4 a6 22. bxc5 axb5 23. cxb6 Rxa3 24. Bg3 Nxb6 25. Nh3 Ra2 26. O-O Nd5 27. Rf2
Rcc2 28. Rxc2 Rxc2 29. Rb1 b4 30. Bd6 Rc4 31. Nf2 b3 32. h3 Rc3 33. Ne4 Rd3 34.
Nf2 Re3 35. Bc5 Rc3 36. Ne4 Rc2 37. Ba3 Nf4 38. Nf2 Rc3 39. Bb4 Ne2+ 40. Kh2 Rc2
41. Rxb3 Nf4 42. Be1 Re2 43. Rb1 f5 44. g3 Nd3 45. Kg1 Rxe1+ 46. Rxe1 Nxe1 47.
f4 g5 48. Kf1 Nc2 49. Ke2 Nb4 50. Ke3 Kf7 51. Kf3 Kf6 52. Ke3 Nd5+ 53. Kf3 e5
54. fxe5+ Kxe5 55. Nd3+ Kd4 56. Nf2 h5 57. g4 hxg4+ 58. hxg4 Ke5 59. gxf5 Kxf5
60. Ng4 Nf6 61. Nxf6 Kxf6 62. Kg4 Kg6 63. Kg3 Kf5 64. Kf3 g4+ 65. Kg3 Kg5 66.
Kg2 Kf4 67. Kf2 g3+ 68. Kg2 Kg4 69. Kg1 1/2-1/2

[Event "World Senior Teams +65"]
[Site "Radebeul GER"]
[Date "2016.06.30"]
[Round "5.18"]
[Board "2"]
[White "Groschup, Gerhard"]
[Black "Van De Wynkele, Herman"]
[Result "0-1"]
[WhiteElo "1999"]
[BlackElo "1985"]
[WhiteTeam "SV Dresden-Striesen 1990 e.V."]
[BlackTeam "Belgium 2"]
[WhiteFideId "24679747"]
[BlackFideId "207144"]
[EventDate "2016.06.26"]

1. d4 g6 2. c4 c5 3. d5 b5 4. cxb5 a6 5. Nc3 axb5 6. Nxb5 d6 7. e4 Bg7 8. Nc3
Nf6 9. Be2 Qa5 10. Bd2 O-O 11. Nf3 Ba6 12. O-O Nbd7 13. h3 Rfb8 14. Rb1 Ne8 15.
Re1 Bxe2 16. Qxe2 Rb7 17. a3 Rab8 18. Nd1 Qb5 19. Bc3 Nc7 20. Bxg7 Kxg7 21. Qd2
f6 22. g4 Qa6 23. Rc1 Nb5 24. Qd3 Qa8 25. Kg2 Ne5 26. Nxe5 fxe5 27. Re3 Nd4 28.
Qc4 Qa7 29. Rec3 Rb6 30. Rd3 Qd7 31. Rdc3 Qe8 32. Qf1 Qa4 33. Qc4 0-1

[Event "World Senior Teams +65"]
[Site "Radebeul GER"]
[Date "2016.06.30"]
[Round "5.18"]
[Board "3"]
[White "Schrickx, Frank"]
[Black "Deppe, Christian"]
[Result "1/2-1/2"]
[WhiteElo "1920"]
[BlackElo "1850"]
[WhiteTeam "Belgium 2"]
[BlackTeam "SV Dresden-Striesen 1990 e.V."]
[WhiteFideId "208957"]
[BlackFideId "12911224"]
[EventDate "2016.06.26"]

1. e4 c5 2. c3 Nf6 3. e5 Nd5 4. d4 cxd4 5. cxd4 Nc6 6. Nf3 d6 7. Bc4 Nb6 8. Bb5
dxe5 9. Nxe5 Bd7 10. Nxd7 Qxd7 11. Nc3 a6 12. Bxc6 bxc6 13. O-O g6 14. Be3 Bg7
15. Qf3 O-O 16. Rfd1 Nd5 17. Na4 Rfd8 18. Rac1 Qb7 19. b3 Rac8 20. Rc4 h6 21.
Nc5 Qb6 22. Rdc1 e6 23. g4 Nxe3 24. fxe3 Rd5 25. Rf1 Rf8 26. Kh1 e5 27. Na4 Qd8
28. Nc3 exd4 29. Nxd5 cxd5 1/2-1/2

[Event "World Senior Teams +65"]
[Site "Radebeul GER"]
[Date "2016.06.30"]
[Round "5.18"]
[Board "4"]
[White "Thalheim, Peter"]
[Black "De Reymaeker, Walter"]
[Result "1/2-1/2"]
[WhiteElo "1827"]
[BlackElo "1889"]
[WhiteTeam "SV Dresden-Striesen 1990 e.V."]
[BlackTeam "Belgium 2"]
[WhiteFideId "12958220"]
[BlackFideId "208000"]
[EventDate "2016.06.26"]

1. c4 g6 2. Nc3 Bg7 3. d4 c5 4. Nf3 cxd4 5. Nxd4 Nc6 6. e3 Nf6 7. a3 O-O 8. b4
Nxd4 9. exd4 d5 10. Be3 Bg4 11. Qb3 Be6 12. c5 Ng4 13. g3 Nxe3 14. fxe3 Bh6 15.
Kd2 Bf5 16. Bg2 e5 17. Ne2 Be4 18. Bxe4 dxe4 19. d5 Qg5 20. Rhf1 Rad8 21. d6 Rd7
22. Rae1 b6 23. Nc3 Qg4 24. Nd5 Bg7 25. Ne7+ Rxe7 26. dxe7 Qd7+ 27. Kc2 Qxe7 28.
Rd1 bxc5 29. Rd5 cxb4 30. Qxb4 Rc8+ 31. Kb2 Qc7 32. Qd2 Rb8+ 33. Ka1 Bh6 34. Rb1
Rxb1+ 35. Kxb1 Qb7+ 36. Ka2 Qb6 37. Rd8+ Kg7 38. Qd6 Qxd6 39. Rxd6 Bxe3 40. Kb3
h5 41. h3 g5 42. g4 hxg4 43. hxg4 Bd4 44. Kc2 Kf8 45. a4 Ke7 46. Rc6 Kd7 47. Rf6
Ke7 48. Rc6 Kd7 49. Rf6 Ke7 50. Rc6 Be3 51. Kd1 Bd4 52. Kd2 1/2-1/2

[Event "World Senior Teams +65"]
[Site "Radebeul GER"]
[Date "2016.06.30"]
[Round "5.19"]
[Board "1"]
[White "Pamperin, Gerhard"]
[Black "Byrne, Ray"]
[Result "1-0"]
[WhiteElo "1936"]
[BlackElo "1987"]
[WhiteTeam "Rochade MV"]
[BlackTeam "Ireland"]
[WhiteFideId "24651354"]
[BlackFideId "2500922"]
[EventDate "2016.06.26"]

1. d4 Nf6 2. c4 e6 3. Nf3 d5 4. e3 Be7 5. Nc3 O-O 6. Bd2 c5 7. cxd5 exd5 8. dxc5
Bxc5 9. Be2 Nc6 10. O-O Re8 11. Rc1 Bb6 12. h3 Qe7 13. Bd3 Be6 14. Nb5 d4 15.
Nbxd4 Nxd4 16. Nxd4 Bxa2 17. Qa4 Bd5 18. Bb5 Red8 19. Bd3 Ne4 20. Bb4 Qe5 21.
Ba5 Nc5 22. Rxc5 Bxc5 23. Bxd8 Rxd8 24. Rd1 Bd6 25. g3 Bb8 26. h4 Qf6 27. Be2 g6
28. b4 Be5 29. b5 Qd6 30. f4 Bxd4 31. Rxd4 Qb6 32. Qd1 Kf8 33. Kf2 Qc5 34. Bf3
Qxb5 35. Rxd5 Rxd5 36. Qxd5 Qb2+ 37. Be2 a6 38. Qd3 Kg7 39. Qd4+ Qxd4 40. exd4
Kf6 41. Bd3 b5 42. Ke3 Ke6 43. Be4 Kd6 44. Kd3 a5 45. Kc3 Kd7 1-0